00943nam a2200241 a 4500001001000000003000500010005001700015008004100032010001100073011001100084040000900095100003700104245016600141260004100307500006000348502007000408650001900478650003700497650002700534650003700561650003300598856007000631000112085CHAP20220329144245.0151202s2015 mx a fsm |||||||spa d a108546 a109518 cCHAP1 aMartínez Velasco, Luis Enrique10aEvaluación de la calidad del agua en la microcuenca del río San Bernardino, Texcoco, Estado de México /h[En línea]cpor Luis Enrique Martínez Velasco. aChapingo, Méx. :bEl autor,c2015. aPara ver el contenido del material haga clic en la liga aTesis (Ing. Forestal ) -- UACH. División de Ciencias Forestales14aAguaxCalidad.14aAguas residualesxPurificación14aEducación ambiental.14aMedio ambientexContaminación.14aRío San Bernardino, Méx. aFinding aiduhttp://10.13.5.2/tesis/sist112085.pdfzTeclea aquí